| 000 | 00000nam##2200000za#4500 |
| 001 | 9.625743 |
| 003 | CaOODSP |
| 005 | 20200421163416 |
| 007 | ta |
| 008 | 150406|2001||||xxc||||| f|0| 0 fre|d |
| 020 | |a0-662-86128-0 |
| 040 | |aCaOODSP|bfre |
| 043 | |an-cn--- |
| 086 | 1 |aNH18-24/23F |
| 110 | 2 |aSociété canadienne d'hypothèques et de logement. |
| 245 | 10|aComment entretenir vos pelouses et jardins en économisant l'eau |
| 260 | |aOttawa - Ontario : |bSociété canadienne d'hypothèques et de logement |c2001. |
| 300 | |a4p. : |bill. ; |c28 cm. |
| 490 | 1 |aVotre maison |vCF23 |
| 563 | |aDépliant |
| 590 | |a01-30|b2001-07-27 |
| 691 | 07|aConservation de l'eau|2gcpds |
| 691 | 07|aJardin|2gcpds |
| 775 | 08|tWater-saving tips for your lawn and garden |w(CaOODSP)9.615718 |
| 776 | 0#|tComment entretenir vos pelouses et jardins en économisant l'eau |w(CaOODSP)9.602220 |
| 830 | #0|aVotre maison ;|vCF23|w(CaOODSP)9.513181 |